Liêu trai chí dị, tập 2

Сохранить в:
Библиографические подробности
Формат:
Опубликовано: 2004
Метки: Добавить метку
Нет меток, Требуется 1-ая метка записи!
Thư viện lưu trữ: Mạng thư viện Đại học Đà Nẵng
LEADER 00442nam a22001811a 4500
001 000039121
003 15416
005 20160412021921.0
008 160412s2004 000
082 |a 4V(TK)694-95 
245 |a Liêu trai chí dị, tập 2  |c Bồ Tùng Linh 
260 |c 2004 
OWN |a LNN 
999 |a From the UDN01 
TYP |a Monograph 
980 |a Mạng thư viện Đại học Đà Nẵng